Niagara a history of the falls

Podrobná bibliografia
Hlavný autor: Berton, Pierre, 1920- (Autor)
Médium: Kniha
Jazyk:angličtina
Fyzický popis:480 s., [24] s. fotogr. príl. ilustr., mp. 25 cm
Vydavateľské údaje: Toronto McClelland & Stewart c1992
ISBN:0771012128
Predmet:

MARC

LEADER 00000nam a2200000 a 4500
001 vtls008934753
003 SK-MaSNL
005 20260302042614.0
008 240318s1992 xxco g 001 0 eng
020 |a 0771012128  |q (viaz.) 
040 |a SNK  |b slo  |c SNK  |e AACR2 
041 0 |a eng 
043 |a n-us-ny  |a n-cn-on 
044 |a xxc  |c CA 
072 7 |a 94(7)  |x Dejiny Severnej a Strednej Ameriky  |2 konspekt 
080 |a 177.75  |2 2001 
080 |a 111.61-021.453  |2 2001 
080 |a (282.272.117)  |2 2001 
080 |a (048.8)  |2 2001 
100 1 |a Berton, Pierre,  |d 1920-  |4 aut  |9 695696 
245 1 0 |a Niagara  |b a history of the falls  |c by Pierre Berton 
260 |a Toronto  |b McClelland & Stewart  |c c1992 
300 |a 480 s., [24] s. fotogr. príl.  |c ilustr., mp.  |c 25 cm 
504 |a Obsahuje bibliogr. 
650 0 7 |a obete  |2 SNKPH  |9 24014 
650 0 7 |a tajomstvá  |2 SNKPH  |9 69200 
651 7 |a Niagara  |x dejiny  |2 SNKPH  |9 695697 
651 7 |a Niagarské vodopády (N.Y. a Ont.)  |2 SNKPHgeo  |9 244060 
655 7 |a monografie  |2 SNKPH  |9 70139 
919 |a 0-7710-1212-8 
999 |c 1083428  |d 1085358 
952 |t snkBER 910.4  |a SNKUST  |b SNKUST  |y PREZ  |7 0  |p 17A0544665  |o snkIC 134736  |i snk2007/8614  |8 2  |g 23.24  |0 0  |1 0  |4 0  |d 2007-01-11  |l 0  |r 2025-05-29 00:00:00  |w 2026-02-24